000 00346nam a2200133Ia 4500
008 151001s9999||||xx |||||||||||||| ||und||
100 _a नीलाभ
245 _aमनुष्य महाबली कैसे बना
250 _a1
260 _bउपासना
260 _c1999
300 _a106
365 _b24
999 _c976499
_d976496